01464nam a2200133 4500008001000000020001800010082001500028100002200043245008700065260006700152300003800219505097100257650010201228776 R486e a9786072809673 a776bR486e aRiboulet, Célia aEncuentros:barte y nuevos medios en las prácticas artísticas contemporáneas aCiudad de MéxicobUniversidad Autónoma Metropolitanac2016 a154 p.bill (col)c25.5 x 20.5 cm tInrtroduccióntArte digital: el encuentro del arte y de los nuevos mediosrCélia Riboulet tDiscusiones interrumpidas entre tecnociencia y arte electrónico-digitalrLiliana Quintero Álvarez IcazatProyecciones del videomapping en las conmemoraciones bicentenarias de las independencias latinoamericanas: producción de espacio y de memoria alrdedor de 2010rLoreto Alonso Atienza y Luis Gárciga RomaytVideoarte: en la frontera entre la ficción y el documentalrCélia Riboulett¿Hacer visible lo invisible? Ciencia y tecnología en la visualidad del arte con medios digitalesrJesús Fernando Monreal RamíreztEl espacio social en las prácticas artísticas mediadas por computadorarGemma Arguello ManresatTranslab: artes performativas + tecnologías. Acercamiento a sus proyectos y ejes conceptuales. Puesta en valor de su pertinencia. rBeatriz Marcos Pérez, Minerva Hernández Trejos, Myriam Beutelspacher AlcántartSobre los autores xarte contemporáneoxarte - medios digitalesxvideoartexarte - performancexarte - tecnología